00939cam a22002777a 4500003000500000005001700005008004100022010001000063011001000073020001500083035001100098040000900109082001600118100002400134245011000158260004400268300002000312500016100332650002200493650003300515650001800548650002100566650002700587650002400614650002300638CHAP20220329142948.0050428d2000 us r 00110 eng d a90202 a91174 a1560220759 a101732 cCHAP04a631.521bB300aBasra, Amarjiteed.10aHybrid seed production in vegetables :brationale and methods in selected cropsc/ed. by Amarjit S. Basra aNew York :bFood Products Press,c2000. a135 p. :bilus. aHybrid seed production in vegetables : ranionale and methods in selected crops has been co-published simultaneously as Journal of New Seed, V.1 no.3/4 1999.14aCebollaxSemilla.14aChile (Botánica)xSemilla.14aColxSemilla.14aCucurbitáceas.14aLegumbresxHíbridos.14aLegumbresxSemilla.14aSandíaxSemilla.